Bihar shops and establishments act, 1953 (Record no. 496147)

000 -LEADER
fixed length control field 00323cam a22001097a 4500
008 - FIXED-LENGTH DATA ELEMENTS--GENERAL INFORMATION
fixed length control field 180718b1954 xxu||||| |||| 00| 0 eng d
082 ## - DEWEY DECIMAL CLASSIFICATION NUMBER
Classification number R603x5413 B489
245 ## - TITLE STATEMENT
Title Bihar shops and establishments act, 1953
Statement of responsibility, etc. by Law Department
260 ## - PUBLICATION, DISTRIBUTION, ETC.
Place of publication, distribution, etc. Patna
Name of publisher, distributor, etc. Government of Bihar
Date of publication, distribution, etc. 1954
300 ## - PHYSICAL DESCRIPTION
Extent 28p
700 ## - ADDED ENTRY--PERSONAL NAME
Personal name Bihar, Law Department
Holdings
Withdrawn status Lost status Damaged status Not for loan Permanent Location Current Location Date acquired Full call number Barcode Date last seen Price effective from Koha item type
        Indian Institute of Public Administration Indian Institute of Public Administration 2018-08-04 R603x5413 B489 GG31876 2018-08-04 2018-08-04 GG

Powered by Koha